[Event "New York Winter Invitational IM-D 2022"]
[Site "New York"]
[Date "2022.01.15"]
[Round "4.3"]
[White "Xu, Grant"]
[Black "Hardaway, Brewington"]
[Result "1/2-1/2"]
[WhiteElo "2231"]
[BlackElo "2207"]
[Annotator "ChessBase"]
[PlyCount "187"]
[EventDate "2022.01.11"]
[EventType "tourn"]
[EventCountry "USA"]
[SourceTitle "playchess.com"]
[Source "ChessBase"]
[SourceQuality "1"]
[TimeControl "5400+30"]

1. e4 {[%emt 0:00:05]} c5 {[%emt 0:00:02]} 2. d4 {[%emt 0:00:46]} cxd4 {[%emt 0:00:03]} 3. c3 {[%emt 0:00:04]} dxc3 {[%emt 0:00:02]} 4. Nxc3 {[%emt 0:00:06]} e6 {[%emt 0:00:03]} 5. Nf3 {[%emt 0:00:37]} Nc6 {[%emt 0:00:04]} 6. Bc4 {[%emt 0:00:44]} Bb4 {[%emt 0:00:05]} 7. O-O {[%emt 0:00:43]} Nge7 {[%emt 0:00:03]} 8. Qc2 {[%emt 0:00:53]} O-O {[%emt 0:00:31]} 9. Rd1 {[%emt 0:00:54]} Ng6 {[%emt 0:00:25]} 10. Be3 {[%emt 0:06:14]} b6 {[%emt 0:00:54]} 11. Bg5 {[%emt 0:07:49]} Be7 {[%emt 0:03:35]} 12. Bxe7 {[%emt 0:00:36]} Qxe7 {[%emt 0:00:22]} 13. Nb5 {[%emt 0:00:12]} Na5 {[%emt 0:07:13]} 14. Bf1 {[%emt 0:06:02]} Bb7 {[%emt 0:04:04]} 15. Nd6 {[%emt 0:00:34]} Bc6 {[%emt 0:09:02]} 16. Ba6 {[%emt 0:31:01]} Rab8 {[%emt 0:04:23]} 17. b4 {[%emt 0:01:10]} Bb7 {[%emt 0:04:56]} 18. Nxb7 {[%emt 0:08:50]} Nxb7 {[%emt 0:00:02]} 19. Qc7 {[%emt 0:00:08]} d5 {[%emt 0:00:02]} 20. Rac1 {[%emt 0:00:12]} dxe4 {[%emt 0:08:44]} 21. Qxe7 {[%emt 0:01:11]} Nxe7 {[%emt 0:00:19]} 22. Ne5 {[%emt 0:00:05]} Nd5 {[%emt 0:06:52]} 23. Nd7 {[%emt 0:01:48]} Nd6 {[%emt 0:02:36]} 24. Nxb8 {[%emt 0:00:28]} Rxb8 {[%emt 0:00:02]} 25. Rc6 {[%emt 0:07:59]} Nf5 {[%emt 0:00:35]} 26. g4 {[%emt 0:03:06]} Nfe7 {[%emt 0:04:47]} 27. Rd6 {[%emt 0:00:14]} h5 {[%emt 0:08:15]} 28. gxh5 {[%emt 0:02:52]} Nxb4 {[%emt 0:00:32]} 29. Rd8+ {[%emt 0:00:45]} Rxd8 {[%emt 0:00:01]} 30. Rxd8+ {[%emt 0:00:01]} Kh7 {[%emt 0:00:01]} 31. Bb7 {[%emt 0:03:50]} Nxa2 {[%emt 0:04:55]} 32. Bxe4+ {[%emt 0:00:12]} f5 {[%emt 0:03:17]} 33. Rd7 {[%emt 0:00:08]} Ng8 {[%emt 0:16:09]} 34. Rxa7 {[%emt 0:00:42]} Nc3 {[%emt 0:00:08]} 35. Bf3 {[%emt 0:01:03]} e5 {[%emt 0:01:06]} 36. Bc6 {[%emt 0:02:40]} Nf6 {[%emt 0:00:21]} 37. Rb7 {[%emt 0:01:29]} Kh6 {[%emt 0:02:53]} 38. Rxb6 {[%emt 0:00:28]} Nxh5 {[%emt 0:05:23]} 39. Bf3+ {[%emt 0:01:35]} Nf6 {[%emt 0:00:05]} 40. Rc6 {[%emt 0:00:13]} Nb5 {[%emt 0:00:05]} 41. Rc5 {[%emt 0:00:55]} Nd4 {[%emt 0:00:08]} 42. Bb7 {[%emt 0:00:38]} e4 {[%emt 0:00:20]} 43. Rc4 {[%emt 0:00:27]} Nf3+ {[%emt 0:00:09]} 44. Kg2 {[%emt 0:00:22]} Nh5 {[%emt 0:01:00]} 45. Rc5 {[%emt 0:00:33]} Nf4+ {[%emt 0:00:09]} 46. Kh1 {[%emt 0:00:42]} g6 {[%emt 0:00:14]} 47. Ba6 {[%emt 0:00:35]} Nh3 {[%emt 0:00:18]} 48. Rc2 {[%emt 0:00:21]} Kg5 {[%emt 0:00:21]} 49. Bf1 {[%emt 0:00:18]} Nf4 {[%emt 0:00:11]} 50. Rc3 {[%emt 0:00:32]} Nd5 {[%emt 0:02:05]} 51. Rc5 {[%emt 0:00:18]} Nf6 {[%emt 0:00:01]} 52. Be2 {[%emt 0:00:31]} Nh4 {[%emt 0:02:18]} 53. Kg1 {[%emt 0:00:40]} Nd7 {[%emt 0:00:09]} 54. Ra5 {[%emt 0:00:28]} Nf8 {[%emt 0:00:27]} 55. Bc4 {[%emt 0:00:44]} Nf3+ {[%emt 0:00:09]} 56. Kg2 {[%emt 0:00:07]} Nd7 {[%emt 0:00:25]} 57. Be2 {[%emt 0:00:54]} Nde5 {[%emt 0:04:10]} 58. Bxf3 {[%emt 0:01:36]} Nxf3 {[%emt 0:00:04]} 59. Kg3 {[%emt 0:00:15]} Nd4 {[%emt 0:01:01]} 60. h4+ {[%emt 0:00:52]} Kh5 {[%emt 0:00:12]} 61. Ra2 {[%emt 0:01:10]} g5 {[%emt 0:01:14]} 62. hxg5 {[%emt 0:02:21]} Kxg5 {[%emt 0:00:02]} 63. Ra5 {[%emt 0:00:26]} Ne2+ {[%emt 0:00:04]} 64. Kg2 {[%emt 0:00:13]} Kg4 {[%emt 0:00:08]} 65. Kf1 {[%emt 0:00:19]} Nf4 {[%emt 0:00:52]} 66. Ra8 {[%emt 0:00:37]} Kf3 {[%emt 0:00:28]} 67. Rf8 {[%emt 0:00:12]} Kg4 {[%emt 0:00:49]} 68. Rg8+ {[%emt 0:00:05]} Kh5 {[%emt 0:00:02]} 69. Ke1 {[%emt 0:00:15]} Ng6 {[%emt 0:00:35]} 70. Ke2 {[%emt 0:00:18]} Kg5 {[%emt 0:00:03]} 71. Ke3 {[%emt 0:00:12]} Kf6 {[%emt 0:00:02]} 72. Kd4 {[%emt 0:00:32]} Kf7 {[%emt 0:00:02]} 73. Ra8 {[%emt 0:00:33]} Kf6 {[%emt 0:00:08]} 74. Kd5 {[%emt 0:01:53]} Nf4+ {[%emt 0:00:04]} 75. Kd4 {[%emt 0:00:58]} Ne6+ {[%emt 0:01:00]} 76. Ke3 {[%emt 0:00:08]} Nc7 {[%emt 0:00:15]} 77. Rc8 {[%emt 0:00:35]} Nd5+ {[%emt 0:00:09]} 78. Kd4 {[%emt 0:00:06]} Nf4 {[%emt 0:00:11]} 79. Rb8 {[%emt 0:01:01]} Ne6+ {[%emt 0:00:05]} 80. Ke3 {[%emt 0:00:18]} Nc7 {[%emt 0:00:27]} 81. Kf4 {[%emt 0:00:21]} Ne6+ {[%emt 0:00:18]} 82. Kg3 {[%emt 0:00:05]} Nd4 {[%emt 0:00:31]} 83. Kh4 {[%emt 0:00:24]} Ke5 {[%emt 0:00:09]} 84. Kg3 {[%emt 0:00:42]} Ne2+ {[%emt 0:00:11]} 85. Kg2 {[%emt 0:00:24]} Nd4 {[%emt 0:00:28]} 86. Rb4 {[%emt 0:00:19]} Ne2 {[%emt 0:00:31]} 87. Rb5+ {[%emt 0:00:22]} Kf4 {[%emt 0:00:07]} 88. Rc5 {[%emt 0:00:27]} Nd4 {[%emt 0:00:04]} 89. Rd5 {[%emt 0:00:17]} Nf3 {[%emt 0:00:05]} 90. Kh3 {[%emt 0:00:10]} Ne5 {[%emt 0:00:19]} 91. Ra5 {[%emt 0:00:23]} Nd3 {[%emt 0:00:08]} 92. Kg2 {[%emt 0:00:08]} Ne1+ {[%emt 0:00:03]} 93. Kf1 {[%emt 0:00:52]} Nf3 {[%emt 0:01:05]} 94. Ra8 {[%emt 0:00:53]} 1/2-1/2

[Event "New York Winter Invitational IM-D 2022"]
[Site "New York"]
[Date "2022.01.16"]
[Round "5.1"]
[White "Huston, Gus"]
[Black "Paragua, Mark"]
[Result "1-0"]
[WhiteElo "2155"]
[BlackElo "2467"]
[Annotator "TA"]
[PlyCount "61"]
[EventDate "2022.01.11"]
[EventType "tourn"]
[EventCountry "USA"]
[SourceTitle "playchess.com"]
[Source "ChessBase"]
[SourceQuality "1"]

{[%evp 17,61,-1,27,-14,20,29,25,32,27,39,46,28,65,64,77,88,85,60,150,128,172,123,122,122,119,93,230,240,972,907,905,0,887,851,1078,1062,1145,1096,1323,1308,1281,1266,1276,1256,1186,1181]} 1. e4 c5 2. Nf3 d6 3. Bb5+ Nc6 4. O-O Bd7 5. Re1 Nf6 6. c3 a6 7. Bxc6 Bxc6 8. d4 Bxe4 9. Bg5 d5 10. c4 {B51: Sicilian: Moscow Variation (3 Bb5+) without 3...Bd7.} (10. Nbd2 $142) 10... Bxf3 (10... cxd4 {keeps more tension.} 11. Nxd4 Bxb1 12. Bxf6 Bg6 13. Qa4+ Qd7) 11. Qxf3 {Black must now prevent Bxf6.} cxd4 12. Bxf6 {White has an edge.} gxf6 13. cxd5 {[#]} Bg7 $146 ({Predecessor:} 13... Rg8 14. Nd2 Bh6 15. Nb3 Qd7 16. Nxd4 Qg4 17. d6 Qxf3 18. Rxe7+ Kf8 19. Nxf3 Rd8 20. Rxb7 Rxd6 {1-0 (28) Vlassow,V (2318)-Dvoirys,S (2582) St Petersburg 2001}) 14. Nd2 $1 f5 {To avoid Ne4} 15. Qxf5 O-O 16. Ne4 {Ng5 would kill now.} Qc8 17. Qg5 {White is much more active. Black has bad knights.} f6 (17... Qd8 $14) 18. Qf4 Rf7 (18... Qd7 $16 {was necessary.}) 19. Ng3 ({Better is} 19. Qf3 $18) 19... f5 $16 20. Nh5 Qc4 21. Qg5 Qxd5 (21... d3 $16 {was worth a try.}) 22. Rxe7 $18 {Strongly threatening Rae1.} h6 $2 {[#]} (22... Kh8) 23. Nf6+ $1 {[%mdl 512]} Kf8 {[#]} 24. Nh7+ $1 ({Stronger than} 24. Nxd5 hxg5 25. Rxf7+ Kxf7 $15) 24... Kg8 {[#]} 25. Qg6 {White threatens Rae1 and mate. White is clearly winning.} Qc4 26. b3 {[%cal Bb2b3,Bb3c4][%mdl 32]} Rxe7 27. bxc4 d3 28. Nf6+ Kf8 29. Qxf5 d2 30. Kf1 Rd8 31. Rd1 {Weighted Error Value: White=0.10 (very precise) /Black=0.30} 1-0

[Event "New York Winter Invitational IM-D 2022"]
[Site "New York"]
[Date "2022.01.16"]
[Round "5.4"]
[White "Canty, James"]
[Black "Xu, Grant"]
[Result "0-1"]
[WhiteElo "2201"]
[BlackElo "2231"]
[Annotator "TA"]
[PlyCount "58"]
[EventDate "2022.01.11"]
[EventType "tourn"]
[EventCountry "USA"]
[SourceTitle "playchess.com"]
[Source "ChessBase"]
[SourceQuality "1"]

{[%evp 9,58,0,32,37,43,12,48,49,40,40,48,58,64,64,52,34,41,-81,16,-236,0,0,0,0,0,0,114,0,0,-43,-39,-127,-120,-117,-127,-180,-199,-495,-508,-545,-150,-151,-145,-135,-161,-150,-160,-1927,-53,-1176,-733]} 1. d4 e6 2. Nc3 d5 3. Bf4 a6 4. e3 Nf6 5. g4 {[%cal Bg2g4,Bg4g5][%mdl 32]} Bd6 6. Qf3 {D00: 1 d4 d5: Unusual lines.} Bxf4 7. exf4 {[#]} c5 $146 ({Predecessor:} 7... Qd6 8. h4 c5 9. dxc5 Qxc5 10. O-O-O Nc6 11. g5 Nd7 12. f5 Nde5 13. Qf4 Bd7 {0-1 (50) Saveliev,A (2352)-Buksa,N (2410) Chess.com INT 2020}) 8. dxc5 {White is slightly better.} Qa5 9. O-O-O Nc6 10. g5 Ne4 11. Nge2 Nxc5 12. f5 Bd7 {[%cal Od5d4]} 13. h4 (13. Bg2 $14 {keeps the upper hand.}) 13... O-O-O (13... d4 $1 $17 {[%cal Rd4c3]} 14. fxe6 (14. Nxd4 $2 Nxd4 15. Rxd4 Bc6 $17) 14... fxe6 15. Rxd4 (15. Nxd4 Nxd4 16. Rxd4 Bc6 $17) 15... Nxd4 16. Nxd4 e5) 14. h5 $2 {[%mdl 8192]} (14. fxe6 $11 fxe6 15. Qe3) 14... b5 $2 (14... d4 $1 $19 {[%cal Rd4c3]} 15. Ne4 (15. Nxd4 $2 Nxd4 16. Rxd4 Bc6 $19) 15... Nxe4 16. Qxe4 Qxa2) 15. Bg2 $11 b4 16. Nxd5 exd5 17. Rxd5 {Hoping for h6.} Qb6 (17... b3 $11 18. Rxd7 Rxd7 19. Qxc6+ Kb8 20. Qa8+ Kc7 21. Qc6+ (21. Qxh8 Qd2+ 22. Kb1 bxc2+ 23. Ka1 Nb3+ 24. axb3 Qa5#) 21... Kb8 22. Qa8+ Kc7 23. Qc6+ (23. Qxh8 Qd2+ 24. Kb1 bxc2+ 25. Ka1 Nb3+ 26. axb3 Qa5#) 23... Kd8 24. Qa8+ Kc7) 18. Rhd1 (18. Rxd7 Kxd7 19. h6 (19. f6 $2 gxf6 20. Qxf6 Kc7 $19) 19... g6 20. fxg6 fxg6 $19) (18. Rh4 $16 {Strongly threatening Rc4.} Kb8 19. Qg3+ Ka7 20. Rxc5 $1 {[%mdl 512]} Qxc5 21. Qc7+ Ka8 22. b3) 18... Rhe8 19. Ng3 (19. Nd4 $11) 19... Na5 $15 {...Bc6 is the strong threat.} 20. f6 {[#]} (20. Qg4 $15) 20... g6 $1 $17 21. hxg6 hxg6 22. Bh3 {[#]} Nab7 $1 $19 ({Don't play} 22... Bxh3 23. Rxd8+ Qxd8 24. Rxd8+ (24. Qa8+ Kc7 $15) 24... Rxd8 25. Ne4 Nxe4 26. Qxe4 $16) 23. Rxd7 (23. Bxd7+ {was worth a try.} Rxd7 24. Qg4) 23... Nxd7 24. Ne4 Re6 $2 25. Bxe6 $17 Qxe6 26. Nd6+ Nxd6 27. Qc6+ Kb8 28. Rxd6 (28. Qxd6+ $17 Qxd6 29. Rxd6) 28... Qe1+ $19 29. Rd1 {[#]} Qxd1+ $1 {[%mdl 512] Weighted Error Value: White=0.84/Black=0.53} 0-1

[Event "New York Winter Invitational IM-D 2022"]
[Site "New York"]
[Date "2022.01.16"]
[Round "6.1"]
[White "Paragua, Mark"]
[Black "Managadze, Nikoloz"]
[Result "1-0"]
[WhiteElo "2467"]
[BlackElo "2453"]
[Annotator "TA"]
[PlyCount "59"]
[EventDate "2022.01.11"]
[EventType "tourn"]
[EventCountry "USA"]
[SourceTitle "playchess.com"]
[Source "ChessBase"]
[SourceQuality "1"]

{[%evp 22,59,0,-32,-19,-17,89,95,142,142,149,146,144,154,165,155,162,172,167,112,118,133,664,687,29991,1212,1204,1210,1208,1208,1153,1134,1128,1054,29983,29983,29987,29988,29997,29998]} 1. Nf3 {Ftacnik,L} c5 2. e4 Nc6 3. Nc3 e6 4. d4 cxd4 5. Nxd4 d6 6. Be2 Nf6 7. O-O Be7 8. Be3 O-O 9. Kh1 Qc7 10. f4 a6 11. a4 Re8 12. a5 Nxa5 {B85: Sicilian Scheveningen: 6 Be2 a6, lines with early Be3.} 13. e5 $1 Nd5 (13... dxe5 $11 {keeps the balance.} 14. fxe5 Qxe5) 14. Nxe6 $1 $16 {[%mdl 64] Remove Defender} Bxe6 (14... fxe6 $142 15. Nxd5 exd5) 15. Nxd5 Bxd5 16. Qxd5 Nc6 {[%cal Rd6e5]} 17. Bc4 {White is much more active. This bishop pair is nice.} Rf8 {[%cal Rd6e5]} 18. e6 fxe6 19. Qxe6+ Kh8 20. Bd3 ({White should try} 20. Qh3 $18) 20... Nb4 21. Bxh7 $40 {[%mdl 128] Black must now prevent Qh3. White has strong attack.} Kxh7 $2 {[%mdl 8192] [#] This move loses the game for Black.} (21... Rf6 $16 22. Qb3 d5) 22. Rf3 $1 $18 {[#] Rh3+ would kill now.} ({Not} 22. Qe4+ Kg8 $16) 22... g6 $146 ({Predecessor:} 22... g5 23. Bd4 Rxf4 24. Rh3+ Rh4 25. Qf7+ Kh6 26. Bg7+ Kh7 27. Bf8+ {1-0 (27) Paragua,M (2534)-Goh,K (2419) Mallorca 2004 CBM 104 [Ftacnik,L]}) 23. Bd4 {Prevents Rf6.} (23. f5 $142 Rxf5 24. Rxf5 Bf8 25. Rf7+ Qxf7 26. Qxf7+ Bg7 27. Bd4 Rg8 28. Ra3) 23... Bh4 24. Qg4 Bf6 25. Bxf6 Rxf6 {[#]} 26. Qh4+ $1 Kg7 27. Rh3 {White wants to mate with Qh7+.} Rf7 28. f5 {[%cal Bf4f5,Bf5g6][%mdl 32] White mates.} Rg8 29. fxg6 Re7 30. Rf1 {Weighted Error Value: White=0.06 (flawless) /Black=1.47} 1-0

[Event "New York Winter Invitational IM-D 2022"]
[Site "New York"]
[Date "2022.01.16"]
[Round "6.3"]
[White "Miller, Rachel"]
[Black "Canty, James"]
[Result "0-1"]
[WhiteElo "2019"]
[BlackElo "2201"]
[Annotator "TA"]
[PlyCount "120"]
[EventDate "2022.01.11"]
[EventType "tourn"]
[EventCountry "USA"]
[SourceTitle "playchess.com"]
[Source "ChessBase"]
[SourceQuality "1"]

{[%evp 14,119,16,-12,6,-7,-4,-6,0,0,27,-45,0,-36,-40,-127,-13,-109,-31,-219,-215,-221,-199,-203,-133,-133,-140,-132,-133,-131,-95,-95,-76,-84,-81,-109,-109,-116,-112,-114,-92,-112,-68,-68,-71,-165,-173,-473,-485,-506,-497,-537,-534,-663,-526,-675,-667,-727,-716,-818,-719,-5827,-1324,-29990,-29991,-29991,-29992,-29992,-29993,-29993,-29982,-29982,-29983,-29981,-12797,-29958,-6728,-29970,-29961,-29957,-2366,-6123,-5706,-29980,-1825,-29986,-29984,-29984,-29985,-29987,-29988,-29989,-29990,-29990,-29991,-29991,-29991,-29991,-29990,-29992,-29992,-29993,-29994,-29997,-29998,-29998,-29999,-29999]} 1. e4 c5 2. Nf3 g6 3. c3 Bg7 4. d4 cxd4 5. cxd4 d5 6. e5 Bg4 {6...Nh6 is the modern continuation.} 7. Be2 Nc6 8. Nc3 e6 {B27: Sicilian: 2 Nf3, unusual Black 2nd moves.} 9. Be3 Bxf3 10. Bxf3 Nge7 {The position is equal.} 11. O-O O-O 12. Bg5 {[#]} (12. Bg4 $11) 12... h6 $146 (12... f6 $15 13. exf6 Bxf6 14. Bxf6 Rxf6) ({Predecessor:} 12... f6 13. exf6 Bxf6 14. Be3 Nf5 15. Ne2 Bg7 16. Bg4 Qh4 17. Bxf5 Rxf5 18. Qd3 Raf8 {0-1 (34) Hladik,O (2191)-Cernin,R (2231) Czech Republic 2010}) 13. Bxe7 (13. Be3 {seems wilder.} f6 14. exf6 Rxf6 15. Bg4 Qd6 16. Qd2) 13... Qxe7 14. Be2 (14. Ne2 $15) 14... a6 (14... Qb4 $17 15. Kh1 a6) 15. a3 (15. Qd2 $11) 15... b5 (15... f6 $17 16. f4 fxe5 17. dxe5 g5) 16. b4 $2 ({Better is} 16. Qd3 $15) 16... Qa7 $19 17. a4 Qxd4 18. axb5 Qxc3 19. bxc6 Qxb4 20. Rxa6 Bxe5 21. Qc2 Rac8 22. Rb1 Qd6 {Black is more active.} 23. g3 Rc7 24. Qa4 Rfc8 {[%cal Rc7c6,Bf8c8,Bc8b8,Bb8d8,Bd8d4][%mdl 32]} 25. Rc1 Kg7 26. Rc2 Bf6 27. Kg2 e5 (27... h5 $17 28. h4 Rb8) 28. Bg4 $15 Rb8 29. Bd7 {[#] White is now going downhill.} (29. Ra5 $17) 29... d4 $1 $19 {And now ...Qd5+ would win.} 30. Qc4 {To avoid Qd5+} (30. Rc1) 30... d3 31. Rd2 {[#]} Qxd7 {[%mdl 512]} 32. Rxd3 (32. cxd7 Rxc4) 32... Qe7 33. Qg4 Rd8 34. Rb3 Rd4 35. Qe2 Qe6 36. Rb8 Qd5+ 37. Kh3 Rxc6 38. Raa8 {[#]} Rh4+ $3 {[%mdl 512]} 39. gxh4 Rc3+ 40. f3 Rxf3+ 41. Kg2 Re3+ 42. Kf2 Rxe2+ 43. Kxe2 Qe4+ (43... e4 $142 44. Ra3 Qh5+ 45. Kd2 Qxh4 46. Kd1 Qg4+ 47. Kc2 Qg2+ 48. Kb3 Qb2+ 49. Ka4 Qxb8 50. Rb3 Qxh2 51. Kb5 Qe5+ 52. Ka6 e3 53. Rb7 Qa1+ 54. Kb5 e2 55. Kc6 e1=Q 56. Rxf7+ Kxf7 57. Kb7 Qb4+ 58. Kc8 Qac3+ 59. Kd7 Qe7#) 44. Kd1 Bxh4 (44... Qd3+ $142 45. Kc1 e4 46. Rh8 Qc4+ 47. Kd2 Qd4+ 48. Kc2 Qb2+ 49. Kd1 Bc3 50. Rag8+ Kf6 51. Rxg6+ Kxg6 52. h5+ Kxh5 53. Rxh6+ Kxh6 54. h4 Qd2#) 45. Rg8+ Kf6 46. Rgb8 Bf2 (46... Qd3+ $142 47. Kc1 Bg5+ 48. Kb2 e4 49. Ra4 Qd2+ 50. Kb3 Qd1+ 51. Ka3 Bc1+ 52. Kb4 Bd2+ 53. Ka3 Bc1+ 54. Kb4 Bd2+ 55. Ka3 Qa1+ 56. Kb3 Qb1+ 57. Kc4 Qxb8 58. h4 e3 59. Ra6+ Ke5 60. Ra1 Qb4+ 61. Kd3 Qc3+ 62. Ke2 Qxa1 63. Kd3 Qc1 64. h5 Ba5 65. hxg6 Qd2+ 66. Kc4 Qd5#) 47. Ra6+ Kg7 {( -> ...Qd3+)} 48. Raa8 Be3 (48... Qd3+ $142 49. Kc1 Be3+ 50. Kb2 Bd4+ 51. Kc1 e4 52. Rg8+ Kf6 53. Rgd8 e3 54. Rd6+ Kg7 55. Rxd4 Qxd4 56. Ra2 Qe5 57. Kd1 Qd5+ 58. Ke2 Qxa2+ 59. Kxe3 Qe6+ 60. Kf2 f5 61. Kf3 Qe4+ 62. Kg3 f4+ 63. Kf2 Qe3+ 64. Kf1 f3 65. h4 Qe2+ 66. Kg1 Qg2#) 49. Rb3 Qxa8 {Black mates.} 50. Rxe3 {KQ-KR} Qd5+ 51. Ke2 e4 52. h4 f5 {[%cal Bf7f5,Bf5f4,Bf4f3][%mdl 32]} 53. h5 f4 54. Rc3 Qb5+ 55. Kd1 Qb1+ 56. Rc1 Qd3+ 57. Ke1 f3 {[%csl Gf3][%cal Rd3e2]} 58. Rc2 Qxc2 {[%csl Gf3][%cal Rc2e2]} 59. Kf1 Qe2+ 60. Kg1 Qg2# {Weighted Error Value: White=0.88/Black=0.41} 0-1

[Event "New York Winter Invitational IM-D 2022"]
[Site "New York"]
[Date "2022.01.17"]
[Round "7.1"]
[White "Chiku-Ratte, Olivier-Kenta"]
[Black "Paragua, Mark"]
[Result "0-1"]
[WhiteElo "2377"]
[BlackElo "2467"]
[Annotator "TA"]
[PlyCount "96"]
[EventDate "2022.01.11"]
[EventType "tourn"]
[EventCountry "USA"]
[SourceTitle "playchess.com"]
[Source "ChessBase"]
[SourceQuality "1"]

{[%evp 13,96,0,24,17,41,43,24,6,2,0,27,14,30,21,51,51,73,0,0,0,0,0,-4,0,0,-10,-4,-56,-46,-56,-53,-45,-51,-51,-30,-97,-27,-132,-118,-231,-247,-247,-247,-247,-228,-259,-260,-348,-343,-763,-112,-112,-112,-172,-177,-306,-93,-499,-496,-479,-439,-1194,-1061,-887,-866,-1242,-1157,-1351,-1256,-1458,-1450,-1994,-1827,-2266,-2128,-2245,-2140,-29981,-29982,-29982,-29983,-29983,-29984,-29983,-29982]} 1. d4 Nf6 2. Nf3 g6 3. g3 Bg7 4. Bg2 O-O 5. O-O d6 6. a4 a5 7. b3 Nc6 8. Bb2 {A49: 1 d4 Nf6 2 Nf3 g6 3 g3: Anti-King's Indian systems.} e5 9. dxe5 Ng4 10. h3 {White has an edge.} Ngxe5 11. Nxe5 {[#]} dxe5 $146 (11... Bxe5 {feels hotter.} 12. Bc3 Nb4 13. e4 c6 14. Qd2 Qb6) ({Predecessor:} 11... Nxe5 12. Ra2 Re8 13. Nd2 d5 14. Kh2 c6 15. Nf3 Nxf3+ 16. Bxf3 Bxb2 17. Rxb2 Qf6 {0-1 (54) Pulpan,J (2405)-Praggnanandhaa,R (2608) Chess.com INT 2021}) 12. Qxd8 Rxd8 13. Na3 Bf5 14. g4 Be6 15. Nb5 (15. Rad1 $16) 15... Rd7 $1 $11 16. Rad1 {Threatens to win with Rxd7.} Rad8 17. Rxd7 Rxd7 18. Bc3 f5 19. gxf5 Bxf5 20. Na3 ({White should play} 20. Rc1 $11) 20... e4 $15 21. Bxg7 Kxg7 22. Nc4 b6 23. c3 {Inhibits Nd4.} Kf6 24. Ne3 (24. f3 $11 {keeps the balance.} exf3 25. Rxf3) 24... Ne5 (24... Rd2 $17 25. f3 Be6 26. fxe4+ Ke5) 25. Rc1 (25. f3 $11 exf3 26. Bxf3) 25... Rd2 $36 {[%mdl 2048] Black is on the roll. Black is more active.} 26. Rc2 (26. Kf1 $17 {was worth a try.}) 26... Rxc2 27. Nxc2 {[#]} Nf3+ $1 {[%mdl 512]} 28. exf3 exf3 29. Nd4 fxg2 30. Kxg2 $19 {[%mdl 4096] Endgame KB-KN} Bd7 31. Nf3 $2 (31. Ne2 Ke5 32. h4) 31... c6 $2 (31... Bc6 $19 32. Kg3 Bd5) 32. Nd2 $17 b5 33. f4 (33. h4 $17) 33... Bf5 $19 34. Kg3 (34. h4 $142) 34... Bc2 $2 (34... Ke6 $19 {and Black stays clearly on top. Strongly threatening ...Kd5.} 35. h4 Bc2) 35. Kf3 $2 {[%mdl 8192] Loses the game.} (35. Kf2 $17 {was the crucial defense.}) 35... bxa4 36. bxa4 Bxa4 {And now ...Bc2 would win.} 37. Nc4 (37. Ne4+ $142 Kf5 38. Nd6+ Ke6 39. Nc4 Bd1+ 40. Ke3) 37... Bd1+ 38. Ke4 a4 39. Na3 h5 40. h4 Ke6 41. Nc4 Bc2+ 42. Kd4 Bb3 {aiming for ...Bxc4.} 43. Nd2 Kf5 44. Kc5 Kxf4 45. Kxc6 Ke3 {Black mates.} 46. Nb1 g5 47. hxg5 h4 {[%cal Bh5h4,Bh4h3][%mdl 32]} 48. g6 h3 {Weighted Error Value: White=1.04/Black=0.31} 0-1

[Event "New York Winter Invitational IM-D 2022"]
[Site "New York"]
[Date "2022.01.17"]
[Round "7.3"]
[White "Canty, James"]
[Black "Rosenberg, Evan S"]
[Result "1-0"]
[WhiteElo "2201"]
[BlackElo "2099"]
[Annotator "RC"]
[PlyCount "87"]
[EventDate "2022.01.11"]
[EventType "tourn"]
[EventCountry "USA"]
[SourceTitle "playchess.com"]
[Source "ChessBase"]
[SourceQuality "1"]
[TimeControl "5400+30"]

1. c4 {[%emt 0:00:03]} e5 {[%emt 0:00:42]} 2. Nc3 {[%emt 0:00:06]} Bb4 {[%emt 0:00:07]} 3. e4 {[%emt 0:00:06]} Bxc3 {[%emt 0:00:11]} 4. dxc3 {[%emt 0:00:04]} d6 {[%emt 0:00:14]} 5. Bd3 {[%emt 0:00:11]} Nf6 {[%emt 0:06:14]} 6. f3 {[%emt 0:00:28]} a5 {[%emt 0:02:07]} 7. Be3 {[%emt 0:03:57]} Na6 {[%emt 0:01:43]} 8. Ne2 {[%emt 0:01:34]} b6 {[%emt 0:00:57]} 9. O-O {[%emt 0:00:33]} Bb7 {[%emt 0:01:35]} 10. Ng3 {[%emt 0:05:01]} Nc5 {[%emt 0:02:05]} 11. Bc2 {[%emt 0:01:06]} Ba6 {[%emt 0:08:17]} 12. b3 {[%emt 0:02:16]} Ne6 {[%emt 0:01:50]} 13. f4 {[%emt 0:01:51]} h5 {[%emt 0:05:05]} 14. h3 {[%emt 0:05:04]} h4 {[%emt 0:11:22]} 15. Nf5 {[%emt 0:00:05]} exf4 {[%emt 0:07:53]} 16. Bxf4 {[%emt 0:00:29]} Nh5 {[%emt 0:00:53]} 17. Bxd6 {[%emt 0:03:09]} g6 {[%emt 0:02:35]} 18. Qd5 {[%emt 0:00:41]} Rb8 {[%emt 0:17:25]} 19. Qe5 {[%emt 0:02:06]} Rh7 {[%emt 0:04:59]} 20. Rad1 {[%emt 0:00:47]} gxf5 {[%emt 0:04:00]} 21. exf5 {[%emt 0:01:00]} cxd6 {[%emt 0:02:04]} 22. Rxd6 {[%emt 0:00:06]} Qc7 {[%emt 0:00:55]} 23. fxe6 {[%emt 0:00:44]} f6 {[%emt 0:00:13]} 24. Rxf6 {[%emt 0:02:05]} Qc5+ {[%emt 0:00:41]} 25. Qxc5 {[%emt 0:00:09]} bxc5 {[%emt 0:00:01]} 26. Bxh7 {[%emt 0:00:55]} Nxf6 {[%emt 0:00:05]} 27. Bg6+ {[%emt 0:00:14]} Ke7 {[%emt 0:00:08]} 28. Rxa6 {[%emt 0:00:05]} Rd8 {[%emt 0:01:15]} 29. Rxa5 {[%emt 0:02:29]} Kxe6 {[%emt 0:01:32]} 30. Rxc5 {[%emt 0:00:14]} Rd1+ {[%emt 0:00:18]} 31. Kh2 {[%emt 0:00:05]} Rd2 {[%emt 0:00:12]} 32. a4 {[%emt 0:00:20]} Ra2 {[%emt 0:00:38]} 33. a5 {[%emt 0:00:11]} Kd6 {[%emt 0:00:26]} 34. Rb5 {[%emt 0:00:11]} Nd7 {[%emt 0:00:08]} 35. Bf5 {[%emt 0:00:36]} Nc5 {[%emt 0:00:39]} 36. b4 {[%emt 0:00:28]} Na4 {[%emt 0:00:09]} 37. Rd5+ {[%emt 0:00:48]} Kc7 {[%emt 0:00:04]} 38. b5 {[%emt 0:00:41]} Nxc3 {[%emt 0:00:26]} 39. Rd7+ {[%emt 0:01:37]} Kb8 {[%emt 0:00:06]} 40. a6 {[%emt 0:00:41]} Ka8 {[%emt 0:00:50]} 41. Bg4 {[%emt 0:00:36]} Kb8 {[%emt 0:00:57]} 42. Bf3 {[%emt 0:00:18]} Kc8 {[%emt 0:01:23]} 43. Bc6 {[%emt 0:00:06]} Ne4 {[%emt 0:05:18]} 44. b6 {[%emt 0:00:34]} 1-0